| 000 | 00848nmm a2200277 a 4500 | ||
|---|---|---|---|
| 001 | ocm000561854 | ||
| 003 | TR-IsHL | ||
| 005 | 20201028123214.0 | ||
| 008 | 110704s2010 tu tur | ||
| 007 | cr cn | ||
| 020 | _a9789758606948 | ||
| 035 |
_a561854 _b(N$T) |
||
| 050 | 0 | 4 |
_aQA276 _b.S47 2010 |
| 090 | 0 | 4 |
_aQA276 _b.S47 2010 |
| 100 | 1 | _aSerper, Özer | |
| 245 | 1 | 0 |
_aUygulamalı istatistik _h[electronic resource] / _cÖzer Serper |
| 250 | _a6. bs. | ||
| 260 |
_aBursa : _bEzgi Kitabevi, _c2010 |
||
| 300 | _a720 p. | ||
| 650 | 4 | _aMatematik ve İstatistik | |
| 650 | 4 | _aMathematics and Statistics | |
| 650 | 0 | _aİstatistik | |
| 650 | 0 | _aStatistics | |
| 650 | 7 |
_aMATHEMATICS / Probability & Statistics / General _2bisacsh |
|
| 856 | 4 | 0 | _uhttp://search.ebscohost.com/login.aspx?direct=true&scope=site&db=e011xww&AN=561854 |
| 999 |
_c2278 _d2278 |
||